| 000 | 00993nam a2200241 a 4500 | ||
|---|---|---|---|
| 001 | 43829 | ||
| 003 | BD-RjUL | ||
| 005 | 20211209053746.0 | ||
| 008 | 160628b1968 bg ||||| |||| 00| 0 ben d | ||
| 020 | _c: PRs. 5.00 | ||
| 035 | _a(BD-RjUL)43947 | ||
| 040 |
_aBD-RjUL _bben/eng _cBD-RjUL |
||
| 041 | _aben | ||
| 082 |
_223 _aB 891.4409 _bPAK 1968 |
||
| 245 | 1 | 0 |
_aপাকিস্তান আন্দোলন ও মুসলিম সাহিত্য / _cসম্পাদনা: সরদার ফজলুল করিম |
| 260 |
_aঢাকা : _bবাংলা একাডেমী, _c১৯৬৮. |
||
| 300 |
_a১৮৪, [১] পৃ. ; _c২০ সেমি. |
||
| 600 |
_c. _9246546 |
||
| 650 |
_aবাংলা সাহিত্য _xইতিহাস ও সমালোচনা _9134708 |
||
| 650 |
_aBengali Literature _xhistory and criticism _9117020 |
||
| 700 |
_aকরিম, সরদার ফজলুল, সম্পাদক _9246547 |
||
| 942 |
_2ddc _cBK |
||
| 999 |
_c43829 _d43829 |
||